000 00849nam a2200253Ia 4500
003 OSt
005 20220926014956.0
006 a|||||r|||| 00| 0
007 ta
008 220923b |||||||| |||| 00| 0 eng d
037 _cGeneral Book
040 _aRTL
_cRTL
_beng
041 _2eng
_aeng
082 _aX625.73.N4, H7
100 _aJacoby Neli H
_9321380
245 0 _aBusiness finance and banking
260 _aNew York
_bNational Bureau of Economic Research U S A
_c1947
300 _axviii, 241p. Appendixp. 221-236
_ccm.
490 _aNational bureau of economic research finacial research program studies in business finacing
650 _aCommercial Banks
_9230151
700 _a Saulnier Raymond J
_9321381
942 _hX625.73.N4, H7
_cGB
_2CC
999 _c630269
_d630269